02282nam a22002777a 450000500170000001000150001702000260003203500130005803500130007103700130008403700120009708200160010924501110012526000390023627000780027530000310035350000510038450513580043565000300179365000310182365000300185465000250188465000420190970000250195170000280197620130923143412.0 aENG-104816 a9788132107309c695.00 aEN-88349 aB-512626 bDBAD/PUB bBSB/Ven a307.760954  aUrbanizing citizenship : bcontested spaces in Indian cities / cedited by Renu Desai [and] Romola Sanyal aNew DelhibSage Publicationsc2012 aB1/I-1 Mohan Cooperative industrial Area, Mathura RoadbNew Delhie110044 axiv,246p. bill.c22cm(Hb) aIncludes bibliographical references and index. aList of tables and figures -- Foreword / James holston -- Acknowledgements -- Introduction: urbanizing citizenship : contested spaces in Indian cities / Renu Desai and Romola Sanyal -- Governance and citizenship in the neoliberal city -- Entrepreneurial urbanism in the time of Hindutva : city imagineering, place marketing, and citizenship in Ahmedabad / Renu Desai -- Democratic urban citizenship and mega-project development in globalizing Mumbai / Liza Weinstein -- The politics of persuasion : gendered slum citizenship in neoliberal Mumbai / Sapana Doshi -- Reengineering citizenship : municipal reforms and the politics of "e-grievance redressal" in Karnataka’s cities / Malini Ranganathan -- Protest and claims-making in the Indian city -- Clean air, dirty logic : environmental activism, citizenship, and the public sphere in Delhi / Sunalini Kumar -- Who operates and who agitate? : a class-wise investigation of contentious action and citizenship in Varanasi, India / Jolie M.F. Wood -- Linking urban vulnerability, extralegal security, and civil violence : the case of the urban dispossessed in Mumbai / Jaideep Gupte -- Displaced borders : shifting politics of squatting in Calcutta / Romola Sanyal -- Afterword: in other words : the Indian city and the promise of citizenship / Janaki Nair -- About the editors and contributors -- Index. aCities and towns zIndia. aCities and towns xGrowth. aForced migration zIndia. aCitizenship zIndia. aUrbanization xSocial aspectszIndia. aDesai, Renu, d1975- aSanyal, Romola, d1979-